01232nam a2200229 a 450000100100000000500170001000800410002702000150006804000250008304100140010824503620012224601490048426000440063330000250067750000420070250000210074450400330076570000440079870000380084295201050088099900170098500003749920200930080410.0120420s1994 sp 001 0 spa d a8445107623 aDO-SdBNPbspacBNPHU17aspabfren00aContra los titanes de la rutina :bencuentro, en Madrid, de investigadores hispano-franceses sobre la historia y la filosofía de la matemática = Contre les titans de la routine : rencontre à Madrid de chercheurs hispano-français sur l'histoire et la philosophie de la mathématique : /ceditores Santiago Garma, Dominique Flament, Víctor Navarro.10aContre les titans de la routine :brencontre à Madrid de chercheurs hispano-français sur l'histoire et la philosophie de la mathématique : aMadrid :bComunidad de Madrid :,c1994. aXI, 495 p. ;c21 cm. aIncluye notas al pie de las páginas aIncluye índice abibliografía : p. 479 -4801 aFlament, D.q(Dominique),d1953-9639511 aNavarro Brotons, Víctor.963952 001050718MOaGRbGRcCTd2012-04-20iLF1l0o p37499-10r2020-06-25w2020-06-25y1ZNo se presta c36989d36989